|
|
|
|
| LEADER |
00706nab a2200181 i 4500 |
| 001 |
acta1963 |
| 005 |
20210421131605.0 |
| 008 |
161015s1981 hu o 0|| hun d |
| 022 |
|
|
|a 0567-8099
|
| 040 |
|
|
|a SZTE Egyetemi Kiadványok Repozitórium
|b hun
|
| 041 |
|
|
|a hun
|
| 100 |
1 |
|
|a Rot Sándor
|
| 245 |
1 |
2 |
|a A két- és többnyelvűség lingvisztikai kérdései és a kulturális pluralizmus problémái
|h [elektronikus dokumentum] /
|c Rot Sándor
|
| 260 |
|
|
|c 1981
|
| 300 |
|
|
|a 408-422
|
| 490 |
0 |
|
|a Acta Universitatis Szegediensis de Attila József Nominatae : acta romanica
|v Supple
|
| 695 |
|
|
|a Nyelvtudomány
|
| 856 |
4 |
0 |
|u http://acta.bibl.u-szeged.hu/1963/1/germanica_romanica_suppl_408-422.pdf
|z Dokumentum-elérés
|